LEADER 01522oam 2200457zu 450 001 996200304603316 005 20210807003505.0 035 $a(CKB)111055184264046 035 $a(SSID)ssj0000558034 035 $a(PQKBManifestationID)12208511 035 $a(PQKBTitleCode)TC0000558034 035 $a(PQKBWorkID)10558892 035 $a(PQKB)10662166 035 $a(EXLCZ)99111055184264046 100 $a20160829d1995 uy 101 0 $aeng 181 $ctxt 182 $cc 183 $acr 200 10$aDigest of papers : technologies for the information superhighway 210 31$a[Place of publication not identified]$cIEEE Computer Society Press$d1995 300 $aBibliographic Level Mode of Issuance: Monograph 311 $a0-8186-7029-0 606 $aInformation technology$xCongresses 606 $aInformation superhighway$xCongresses 606 $aElectrical & Computer Engineering$2HILCC 606 $aEngineering & Applied Sciences$2HILCC 606 $aInformation Technology$2HILCC 615 0$aInformation technology$xCongresses 615 0$aInformation superhighway$xCongresses 615 7$aElectrical & Computer Engineering 615 7$aEngineering & Applied Sciences 615 7$aInformation Technology 676 $a004.6/7 712 02$aIEEE Computer Society 712 12$aCOMPCON 801 0$bPQKB 906 $aBOOK 912 $a996200304603316 996 $aDigest of papers : technologies for the information superhighway$92347007 997 $aUNISA LEADER 01022nam 2200373 450 001 9910326252303321 005 20221012112701.0 010 $a1-83962-123-0 010 $a1-78985-818-6 035 $a(CKB)4100000008408563 035 $a(NjHacI)994100000008408563 035 $a(EXLCZ)994100000008408563 100 $a20221012d2019 uy 0 101 0 $aeng 135 $aur||||||||||| 181 $ctxt$2rdacontent 182 $cc$2rdamedia 183 $acr$2rdacarrier 200 00$aHemophilia $eRecent Advances /$fPankaj Abrol, editor 210 1$a[Place of publication not identified] :$cInTech,$d[2019] 210 4$dİ2019 215 $a1 online resource (86 pages) 311 $a1-78985-817-8 517 $aHemophilia 606 $aHemophilia$xManagement 615 0$aHemophilia$xManagement. 676 $a616.1572 702 $aAbrol$b Pankaj 801 0$bNjHacI 801 1$bNjHacl 906 $aBOOK 912 $a9910326252303321 996 $aHemophilia$92208742 997 $aUNINA